000 00430nam a22001817a 4500
003 MPLRDC
005 20220104164943.0
008 210129b ||||| |||| 00| 0 eng d
020 _a983-72-0265-3
082 _a192.1 HUB
100 _aL. RON HUBBARD
245 _aSELF ANALYSIS
_c
250 _a再版
260 _a
_bGOLDEN BOOKS CENTRE SDN BHD K.L.
_c1996
300 _b
650 _a修身
942 _cBK
_o192.1 HUB
999 _c57234
_d57224